| 000 | 00605nam a22002177a 4500 | ||
|---|---|---|---|
| 005 | 20170124105930.0 | ||
| 010 | _aB-045180 | ||
| 020 | _c250.00 | ||
| 035 | _aB-045180 | ||
| 037 | _bCen Lib/Ret | ||
| 040 |
_aDPL _bEN |
||
| 082 |
_a330 _bPRA |
||
| 100 |
_aPrashant Kumar _9114553 |
||
| 245 |
_aUGC-NET/SLET : _cby Prashant Kumar _beconomics / |
||
| 260 |
_aGurgaon _bCosmos Bookhive |
||
| 270 |
_a831, Phase-V, Udyog Nagar _bGurgaon _e122016 |
||
| 300 |
_a133p. _c23cm(Hb) |
||
| 650 |
_aEconomics _9114554 |
||
| 650 |
_aCompetetive exam book _9114555 |
||
| 942 |
_2ddc _cEN _h330 _mPRA |
||
| 999 |
_c123768 _d123768 |
||